เปลี่ยนเป็นภาษาไทย

Change to English
 แสดงรายละเอียดบรรณานุกรม
  กลับหน้าหลัก
ห้องสมุดโรงเรียนพะเยาพิทยาคม...ยินดีต้อนรับ...ทุกท่านเข้าสู่ระบบห้องสมุดอัตโนมัติ

Brief Record : Get Marc (ISO 2709) : E-mail record : QR code ปิดหน้าต่าง
ก้มหน้าเที่ยว/ โดย สร้อยสัตตบรรณ Review โดย ไม่พบชื่อเจ้าหน้าที่ห้องสมุด mod เมื่อ24/พฤษภาคม/2553

สาวไทยพลัดถิ่นสู่ดินแดนศิวิไลซ์ อย่างประเทศญี่ปุ่น ด้วยความอ่อนน้อมถ่อมตนว่าเป็นคนต่างชาติ เวลาเดินทางออกนอกบ้านจึงพยายามก้มหน้าเดิน แต่แล้ว...เธอได้พบอะไรบางอย่างที่น่าสนใจ สิ่งนั้นทั้งสวยงาม มีความแตกต่าง และบ่งบอกเรื่องราวอันเป็น เอกลักษณ์ในแต่ละพื้นที่ สิ่งนั้น คือ..ฝาท่อ สิ่งนั้น คือ..ความสนุกที่แฝงความรู้ สิ่งนั้นคือ..ที่มาของ ก้มหน้าเที่ยว


หนังสืออ้างอิง : เกี่ยวกับ Collections
LEADER 00000nam 2200000uu 4500
001    4122
003     ULIBM
008    100521s2551||||th 000 0 tha d
020    ^a974-258-132-9
082 0  ^a รส^bส796ก
100 0  ^aสร้อยสัตตบรรณ
245 00 ^aก้มหน้าเที่ยว/^cโดย สร้อยสัตตบรรณ
260    ^aพิมพ์ครั้งที่ 1.^b กรุงเทพฯ :^c นานมีบุ๊คส์ทีน;^d2551.
300    ^a 192 หน้า :^bภาพประกอบ;^c21 ซม.
650  0 ^aญี่ป่น--ประวัติศาสตร์
945    ^p148^l0^i36097
999     ^alib1
 
คุณยังไม่ได้ล็อกอิน คุณสามารถมีกิจกรรมร่วมกับเว็บไซต์ได้ แต่ต้องล็อกอินก่อน ::
  ล็อกอิน
ลำดับที่ ประเภท เลขเรียก/บาร์โค้ด สถานที่ สถานะ
1. เรื่องสั้น
เรื่องสั้น
รส ส796ก 2551  
  Barcode: 36097
ห้องสมุด
►เรื่องสั้น
On Shelf
  ขอยืม
   [แสดง 1/1 รายการ]

หนังสือดีน่าอ่าน


“ดั่งดวงแก้ว ส่องสว่าง ทางสายงาม”


จัดทำขึ้นเพื่อเฉลิมพระเกียรติ สมเด็จพระเทพรัตนราชสุดา ฯ สยามบรมราชกุมารี 
เนื่องในโอกาสมหามงคลเฉลิมพระชนมพรรษา ๕ รอบ ๒ เมษายน ๒๕๕๘ 

โดยหนังสือเล่มนี้ได้รวบรวม ๖๐ พระอัจฉริยภาพของสมเด็จพระเทพ ฯ 
ผู้อ่านจะได้รับแรงบันดาลใจให้พากเพียรเรียนรู้และขยันอดทนทำการงาน
ตามรอยเบื้องพระยุคลบาท เพราะพระองค์ทรงเป็นแบบอย่างอันดีเยี่ยมในทุกด้าน 

ทั้งในความใฝ่รู้ใฝ่เรียน คุณธรรมจริยธรรม พระวิริยอุตสาหะในการทรงงาน 
และอื่นๆอีกมากมาย ล้วนสามารถสร้างแรงบันดาลใจให้แก่เด็กและเยาวชน

อีกทั้งประชาชนทั่วไป ให้พากเพียรเรียนรู้และขยันอดทนทำการงานตามรอยพระยุคลบาท 
เพื่อฝึกฝนตนเองให้เป็นคนดีคนเก่งของครอบครัวและสังคมต่อไป



แสดงความเห็นเกี่ยวกับหนังสือเล่มนี้


ยังไม่เคยถูกคอมเมนท์

คอมเมนท์ทรัพยากรรายการนี้
  คอมเมนท์: ก้มหน้าเที่ยว โด..

 
 
 

 

ห้องสมุดเฉลิมพระเกียรติกาญจนาภิเษก  โรงเรียนพะเยาพิทยาคม อำเภอเมือง จังหวัดพะเยา 56000

 E-mail  : Library_ppk@windowslive.com     Library Phayaopittayakom 05-4431-275 ต่อ 4621


 Union Library Management : ULibM
Copyright 2026. All Rights Reserved.